ბათუმის შოთა რუსთაველის სახელმწიფო უნივერსიტეტის ბიბლიოთეკა

Основы конструирования и расчета химических аппаратов и машин. Часть 2. Основы конструирования, расчеты на прочность узлов и деталей. Основы надежности и долговечности. (ბიბ.ჩანაწერი № 38238)

000 -LEADER
fixed length control field 00939nam a2200217Ia 4500
001 - CONTROL NUMBER
control field 4228
003 - CONTROL NUMBER IDENTIFIER
control field GE_BSU
008 - FIXED-LENGTH DATA ELEMENTS--GENERAL INFORMATION
fixed length control field 181216s||||||||xx |||||||||||||| ||und||
040 ## - CATALOGING SOURCE
Transcribing agency GE_BSU
080 ## - UNIVERSAL DECIMAL CLASSIFICATION NUMBER
Universal Decimal Classification number 66.05.001(075)
100 ## - MAIN ENTRY--PERSONAL NAME
Personal name Топтуненко,Е.Т.
245 ## - TITLE STATEMENT
Title Основы конструирования и расчета химических аппаратов и машин. Часть 2. Основы конструирования, расчеты на прочность узлов и деталей. Основы надежности и долговечности.
245 ## - TITLE STATEMENT
Remainder of title Учебник.
245 ## - TITLE STATEMENT
Statement of responsibility, etc. Ред. Л.Л.Варвара. Г.М.Законъ.
260 ## - PUBLICATION, DISTRIBUTION, ETC.
Place of publication, distribution, etc. Киев.
260 ## - PUBLICATION, DISTRIBUTION, ETC.
Name of publisher, distributor, etc. вищ. школа.
260 ## - PUBLICATION, DISTRIBUTION, ETC.
Date of publication, distribution, etc. 1974.
300 ## - PHYSICAL DESCRIPTION
Extent 219 стр. 22 см.
653 ## - INDEX TERM--UNCONTROLLED
Uncontrolled term Основы конструирования и расчета химических аппаратов и машин.
942 ## - ADDED ENTRY ELEMENTS (KOHA)
Koha item type წიგნი
ეგზემპლარები
Withdrawn status Lost status Damaged status Not for loan Date acquired Barcode Date last seen Price effective from Koha item type Public note
        2018-12-17 9588 2018-12-17 2018-12-17 წიგნი საცავი